000 01243cam a2200265 4500
001 ABS66761
008 030606n2003 000 0 eng u
035 _a(Sirsi) u122537
100 _aPemble, S.
245 2 _aA blunted weapon
260 _c2003
490 _aEstates Gazette
_v(0321) 24 May 2003, 188(1)
520 _aDiscusses "Actionstrength Ltd v International Glass Engineering InGl En SpA and Another ([2003] UKHL17, Abs66761) concerning the validity of oral agreements. The Statute of Frauds 1677 requires guarantees to be in writing. The party with the benefit of an oral agreement cannot rely upon estoppel to defeat the provisions of the Statute. Defines the term 'estoppel' and provides a brief explanation of 'estoppel by representation', 'promissory estoppel' and 'proprietary estoppel'.
590 _aABS
650 _aACTIONSTRENGTH LTD V INTERNATIONAL GLASS ENGINEERING INGL EN SPA AND ANOTHER
650 _aSTATUTE OF FRAUDS 1677
650 _aORAL AGREEMENTS
650 _aBUILT ENVIRONMENT-BUILDING CONTRACT FORMS
650 _aESTOPPEL
650 _aPROMISSORY ESTOPPEL
650 _aPROPRIETARY ESTOPPEL
650 _aGUARANTEES
690 _aBUILT ENVIRONMENT-BUILDING CONTRACT FORMS
942 _n0
999 _c72835
_d72835